000 00676nab a2200229 a 4500
001 70194
003 144164
005 20201118110748.0
008 ||||||n9999 ||| || ||
041 _aspa
245 0 _aDireccion de impuestos y aduanas nacionales :
_borganizacion interna y distribucion de funciones
260 _aBogotá :
_bLEGI0,
_c1999.
300 _app.687-719
562 _e0
650 _aADMINISTRACION ADUANERA
650 _aADSCRIPCION DE FUNCIONES
650 _aDECRETO 1265 DE 1999
650 _aDISTRIBUCION DE FUNCIONES
650 _aESTRUCTURA ADMINISTRATIVA
773 _069007
_aLegislación - Tomo 95 No.1125 (1999)
942 _cSART
999 _c70194
_d70194